000 00957nam a2200337 a 4500
001 000116261
003 CHAP
005 20220329144608.0
008 191016s2012 mx a |r| ||||||spa d
010 _a112722
011 _a113694
020 _a9786073207935
040 _cCHAP
082 0 4 _a547
_bW11 2012
100 0 0 _aWade, L.G.
_9120757
245 1 0 _aQuímica orgánica /
_cpor L. G. Wade.
250 _a7 ed.
260 _aMéxico :
_bPearson Educación,
_c2012.
300 _av. :
_bproblemas, ejercicios.
490 _aAlways learning
500 _aLa Biblioteca tiene v. 2
534 _pTít. original :
_tOrganic Chemistry
590 _aE5765TAJ
_b05
_c20191016
_lUCH01
_h1017
590 _aE5765TAJ
_b05
_c20191016
_lUCH01
_h1019
650 1 4 _aQuímica orgánica.
_993598
650 1 4 _aQuímica orgánica
_vProblemas, ejercicios etc.
_9132611
830 0 _aAlways learning
_9137057
901 _aBK
942 _cLIBRO
942 _n0
999 _c112722
_d112722